[Event "AUTO-ADV-292"]
[Site "http://www.queenalice.com/game.php?id=124524"]
[Date "2006.11.2"]
[Round "1"]
[White "boffa"]
[Black "Alfil"]
[Result "1-0"]
[WhiteElo "1974"]
[BlackElo "1515"]

1. e4 c5 2. d4 cxd4 3. c3 Nf6 4. e5 Nd5 5. Nf3 e6 6. cxd4 Be7 7. Bc4 O-O 8. O-O
Nc6 9. Nc3 Nc7 10. Be3 f6 11. d5 exd5 12. Nxd5 Nxd5 13. exf6 Bxf6 14. Qxd5+ Kh8
15. Bc5 Ne7 16. Bxe7 Bxe7 17. Ne5 Qe8 18. Rae1 1-0

[Event "AUTO-ADV-292"]
[Site "http://www.queenalice.com/game.php?id=124525"]
[Date "2006.11.2"]
[Round "1"]
[White "Alfil"]
[Black "boffa"]
[Result "0-1"]
[WhiteElo "1515"]
[BlackElo "1974"]

1. d4 Nf6 2. c4 c5 3. d5 b5 4. Nf3 bxc4 5. Nc3 d6 6. e4 Nbd7 7. Bxc4 g6 8. O-O
Bg7 9. Re1 Rb8 10. Qc2 O-O 11. Bg5 Ng4 12. h3 Nde5 13. Nxe5 Nxe5 14. Be2 Re8 15.
Nb5 c4 16. Bxc4 Ba6 17. Nxa7 Nxc4 18. Nc6 Rxb2 0-1

[Event "Challenge"]
[Site "http://www.queenalice.com/game.php?id=127208"]
[Date "2006.11.9"]
[Round "-"]
[White "Agner"]
[Black "boffa"]
[Result "0-1"]
[WhiteElo "1602"]
[BlackElo "1973"]

1. e4 c5 2. Bc4 Nf6 3. Nc3 e6 4. e5 d5 5. exf6 dxc4 6. fxg7 Bxg7 7. Qg4 O-O 8.
Qxc4 Nc6 9. Nf3 Nb4 10. Kd1 b6 11. Qg4 e5 12. Qg3 Bf5 13. d3 Nxc2 14. Kxc2 Qxd3+
15. Kb3 Be6+ 16. Ka3 b5 0-1

[Event "AUTO-OPEN-382"]
[Site "http://www.queenalice.com/game.php?id=148791"]
[Date "2007.1.1"]
[Round "2"]
[White "boffa"]
[Black "xavimg"]
[Result "1-0"]
[WhiteElo "2001"]
[BlackElo "1530"]

1. e4 e6 2. d4 d5 3. Nd2 Nc6 4. Ngf3 Nf6 5. e5 Nd7 6. Be2 Be7 7. Nf1 O-O 8. Ne3
b6 9. O-O Bb7 10. c3 a5 11. Qc2 h6 12. Bd3 g6 13. Bxg6 1-0

[Event "AUTO-OPEN-382"]
[Site "http://www.queenalice.com/game.php?id=148792"]
[Date "2007.1.1"]
[Round "2"]
[White "xavimg"]
[Black "boffa"]
[Result "0-1"]
[WhiteElo "1592"]
[BlackElo "2028"]

1. e4 c5 2. Nf3 Nc6 3. d4 cxd4 4. Nxd4 Nf6 5. Nc3 e5 6. Nxc6 bxc6 7. Be2 Bb4 8.
Bd2 Bxc3 9. Bxc3 Nxe4 10. Bxe5 Qa5+ 11. Bc3 Nxc3 12. Qd2 d6 13. bxc3 O-O 14. O-O
d5 15. Qe3 Bf5 16. Bd3 Rae8 17. Qf3 Be4 18. Qg4 Re6 19. Qg3 Rg6 0-1

[Event "AUTO-OPEN-382"]
[Site "http://www.queenalice.com/game.php?id=148793"]
[Date "2007.1.1"]
[Round "2"]
[White "boffa"]
[Black "li2carpio"]
[Result "1-0"]
[WhiteElo "2024"]
[BlackElo "1611"]

1. e4 c5 2. d4 cxd4 3. c3 dxc3 4. Nxc3 a6 5. Bc4 Nc6 6. Nf3 h6 7. O-O e6 8. Bf4
d6 9. Rc1 Nf6 10. Qe2 Be7 11. Rfd1 b5 12. Bb3 1-0

[Event "AUTO-OPEN-382"]
[Site "http://www.queenalice.com/game.php?id=148794"]
[Date "2007.1.1"]
[Round "2"]
[White "li2carpio"]
[Black "boffa"]
[Result "0-1"]
[WhiteElo "1609"]
[BlackElo "2026"]

1. e4 c5 2. Nf3 Nc6 3. d4 cxd4 4. Nxd4 Nf6 5. Nc3 e5 6. Nf3 Bb4 7. Bd2 Bxc3 8.
Bxc3 Nxe4 9. Bxe5 Nxe5 10. Nxe5 Qa5+ 11. c3 Qxe5 12. Qe2 d6 0-1

[Event "AUTO-OPEN-382"]
[Site "http://www.queenalice.com/game.php?id=148795"]
[Date "2007.1.1"]
[Round "2"]
[White "boffa"]
[Black "Lopesq"]
[Result "1-0"]
[WhiteElo "1974"]
[BlackElo "2130"]

1. e4 c5 2. d4 cxd4 3. c3 dxc3 4. Nxc3 a6 5. Nf3 Nc6 6. Bd3 d6 7. O-O Bg4 8. h3
Bh5 9. Be2 e5 10. Nxe5 dxe5 11. Bxh5 Nf6 12. Nd5 Nxe4 13. Qb3 Nd6 14. Be3 Rc8
15. Rfd1 a5 16. Nb6 Rc7 17. Qe6+ Qe7 18. Qg4 Qd8 19. Bg5 Be7 20. Bxe7 Qxe7 21.
Nd5 Qd8 22. Qxg7 Rf8 23. Re1 b5 24. Bf3 Nc4 25. Rad1 Rc8 26. Nf6+ Ke7 27. Nxh7
Qe8 28. Qf6# 1-0

[Event "AUTO-OPEN-382"]
[Site "http://www.queenalice.com/game.php?id=148796"]
[Date "2007.1.1"]
[Round "2"]
[White "Lopesq"]
[Black "boffa"]
[Result "0-1"]
[WhiteElo "2133"]
[BlackElo "2001"]

1. Nf3 Nf6 2. d4 g6 3. c3 Bg7 4. Bf4 d6 5. e3 O-O 6. Bd3 Bg4 7. Nbd2 Nbd7 8. h3
Bxf3 9. Nxf3 e5 10. dxe5 dxe5 11. Nxe5 Nxe5 12. Bxe5 Qd5 13. Bxc7 Rac8 14. Bf4
Qxg2 15. Rh2 Qc6 16. Be5 Rfd8 17. Bd4 Nd7 18. Qb3 Nc5 19. Bxc5 Rxd3 20. Qc2 Rd7
21. Ba3 Rcd8 22. Rc1 Be5 23. f4 Bf6 24. h4 Qf3 25. Qe2 Qg3+ 26. Kf1 Rd2 27. Qxd2
Rxd2 28. Rxd2 Qf3+ 29. Rf2 Qh1+ 30. Ke2 Qxc1 31. Kf3 Qd1+ 32. Re2 Bxh4 33. e4
Qd3+ 34. Re3 Qf1+ 35. Kg4 Bf2 36. Rf3 Qg2+ 0-1

[Event "AUTO-ADV-264"]
[Site "http://www.queenalice.com/game.php?id=172503"]
[Date "2007.2.22"]
[Round "2"]
[White "neijrodrigues"]
[Black "boffa"]
[Result "0-1"]
[WhiteElo "1768"]
[BlackElo "2045"]

1. e4 c5 2. Nf3 Nc6 3. d3 e6 4. g3 d5 5. Nbd2 Nf6 6. Bg2 Be7 7. O-O O-O 8. Re1
b6 9. e5 Ng4 10. h3 Nh6 11. Nf1 Nf5 12. c3 Ba6 13. g4 Nh4 14. Nxh4 Bxh4 15. Bf4
f6 16. Ng3 fxe5 17. Bxe5 Qd7 18. Qa4 Nxe5 19. Qxa6 Nf3+ 20. Bxf3 Rxf3 21. Kg2
Raf8 22. Re2 Qc7 23. Nh1 Rxf2+ 24. Rxf2 Rxf2+ 25. Nxf2 Qg3+ 26. Kh1 Qf3+ 27. Kg1
Bxf2+ 28. Kh2 Qg3+ 0-1

[Event "AUTO-ADV-264"]
[Site "http://www.queenalice.com/game.php?id=172504"]
[Date "2007.2.22"]
[Round "2"]
[White "boffa"]
[Black "neijrodrigues"]
[Result "1-0"]
[WhiteElo "2030"]
[BlackElo "1715"]

1. e4 c5 2. d4 cxd4 3. c3 dxc3 4. Nxc3 d6 5. Nf3 Nc6 6. Bc4 e6 7. O-O Nf6 8. Bb5
Be7 9. e5 dxe5 10. Nxe5 Qb6 11. Be3 Qc7 12. Bf4 Qb6 13. Nc4 Qc5 14. g4 Nd5 15.
Ne4 Nxf4 16. Nxc5 Bxc5 17. Nd6+ Ke7 18. Ne4 1-0

[Event "AUTO-ADV-292"]
[Site "http://www.queenalice.com/game.php?id=189370"]
[Date "2007.3.29"]
[Round "2"]
[White "deep"]
[Black "boffa"]
[Result "0-1"]
[WhiteElo "1960"]
[BlackElo "2050"]

1. e4 c5 2. Nf3 Nc6 3. d4 cxd4 4. Nxd4 Nf6 5. Nc3 e5 6. Ndb5 d6 7. Bg5 a6 8.
Bxf6 gxf6 9. Na3 f5 10. Bc4 Qg5 11. Rg1 Be6 12. Bxe6 fxe6 13. Nc4 O-O-O 14. Qe2
fxe4 15. Nxe4 Qg6 16. Nb6+ Kc7 17. Na4 Nd4 18. Qd3 d5 19. Nec5 Qxd3 20. cxd3 b6
21. Nb3 Nc2+ 22. Kd2 Nxa1 23. Rxa1 Rc8 24. Rc1+ Kb7 25. Rxc8 Bh6+ 26. Kd1 Rxc8
27. Nc3 Kc6 28. a3 b5 29. g3 Kb6 30. h4 a5 31. Ne2 a4 32. Na1 Rf8 33. Ke1 Rf3
34. d4 e4 35. Nc3 Rd3 36. Ne2 Rd2 0-1

[Event "AUTO-ADV-292"]
[Site "http://www.queenalice.com/game.php?id=189371"]
[Date "2007.3.29"]
[Round "2"]
[White "boffa"]
[Black "deep"]
[Result "1-0"]
[WhiteElo "2033"]
[BlackElo "1941"]

1. e4 c5 2. d4 cxd4 3. c3 dxc3 4. Nxc3 Nc6 5. Nf3 e6 6. Bc4 Nf6 7. Qe2 Qc7 8. e5
Nd5 9. Bxd5 exd5 10. Nb5 Qd8 11. O-O Be7 12. Nd6+ Kf8 13. Re1 b6 14. Qd3 Bxd6
15. exd6 Qf6 16. Qxd5 Bb7 17. Bg5 Qg6 18. Nh4 Qc2 19. Rac1 Qxb2 20. Re7 Nxe7 21.
dxe7+ Kg8 22. Qxb7 h6 23. Qxa8+ Kh7 24. Qxh8+ Kxh8 25. e8=Q+ Kh7 26. Qxf7 1-0

[Event "AUTO-OPEN-382"]
[Site "http://www.queenalice.com/game.php?id=209702"]
[Date "2007.5.12"]
[Round "3"]
[White "boffa"]
[Black "shtrubi"]
[Result "0-1"]
[WhiteElo "2059"]
[BlackElo "2339"]

1. e4 c5 2. c3 d5 3. exd5 Qxd5 4. Nf3 Nf6 5. Be2 Bg4 6. O-O e6 7. Na3 Be7 8. Nc4
Nc6 9. Ne3 Qd6 10. Nxg4 Nxg4 11. Qa4 Ne5 12. d3 O-O 13. Nxe5 Qxe5 14. Bf3 Qc7
15. Bf4 Bd6 16. Bxd6 Qxd6 17. Bxc6 bxc6 18. Rad1 Rab8 19. b3 Rfd8 20. Qc4 Qe7
21. Rfe1 Rd5 22. Qf4 Rbd8 23. Re3 g6 0-1

[Event "AUTO-OPEN-382"]
[Site "http://www.queenalice.com/game.php?id=209703"]
[Date "2007.5.12"]
[Round "3"]
[White "shtrubi"]
[Black "boffa"]
[Result "1-0"]
[WhiteElo "2335"]
[BlackElo "2064"]

1. d4 c5 2. d5 d6 3. c4 b5 4. cxb5 a6 5. b6 Nf6 6. Nc3 Nbd7 7. Nf3 Nxb6 8. e4 e6
9. dxe6 Bxe6 10. Ng5 Be7 11. Nxe6 fxe6 12. Be2 O-O 13. O-O d5 14. exd5 exd5 15.
Re1 Qc7 16. a4 a5 17. Bf3 Bd6 18. h3 Rad8 19. Nb5 Bh2+ 20. Kh1 Qb8 21. Be3 Bc7
22. Bxc5 Rf7 23. Nd4 Re8 24. Nc6 1-0

[Event "AUTO-MASTER-370"]
[Site "http://www.queenalice.com/game.php?id=260402"]
[Date "2007.8.23"]
[Round "1"]
[White "Macuei"]
[Black "boffa"]
[Result "1-0"]
[WhiteElo "2197"]
[BlackElo "2016"]

1. e4 c5 2. Nf3 Nc6 3. Bb5 d6 4. d4 cxd4 5. Qxd4 a6 6. Bxc6+ bxc6 7. O-O e5 8.
Qa4 Bd7 9. Nc3 Be7 10. Rd1 Nf6 11. Bg5 Qb6 12. Rab1 Rd8 13. Qa3 Bg4 14. Bxf6 1-0

[Event "AUTO-MASTER-370"]
[Site "http://www.queenalice.com/game.php?id=260403"]
[Date "2007.8.23"]
[Round "1"]
[White "boffa"]
[Black "Macuei"]
[Result "0-1"]
[WhiteElo "2025"]
[BlackElo "2190"]

1. e4 e5 2. Nf3 Nc6 3. Bb5 a6 4. Bxc6 dxc6 5. O-O Qd6 6. h3 Nf6 7. d4 Be6 8.
dxe5 Qxd1 9. Rxd1 Nxe4 10. Re1 Bd5 11. c4 Bc5 12. Kh2 Bxf2 13. Re2 Bg3+ 14. Kg1
Bf2+ 0-1

[Event "AUTO-MASTER-370"]
[Site "http://www.queenalice.com/game.php?id=260410"]
[Date "2007.8.23"]
[Round "1"]
[White "boffa"]
[Black "CCapivara"]
[Result "0-1"]
[WhiteElo "1993"]
[BlackElo "2075"]

1. e4 d6 2. d4 Nf6 3. Nc3 c6 4. Nf3 Bg4 5. Be2 Nbd7 6. O-O e5 7. dxe5 dxe5 8.
Nh4 Be6 9. Nf5 Bxf5 10. exf5 Bc5 0-1